| 000 | 00806nam a22003017a 4500 | ||
|---|---|---|---|
| 001 | 000021263 | ||
| 003 | CHAP | ||
| 005 | 20220329134422.0 | ||
| 008 | 971013s r 00010 d | ||
| 010 | _a20221 | ||
| 011 | _a21193 | ||
| 035 | _a25282 | ||
| 040 | _cCHAP | ||
| 090 | _aFolleto 1068 | ||
| 100 | 0 | 0 |
_aDikken, Hans. _932581 |
| 245 | 0 | _aLeptospitosis. | |
| 260 |
_aMéxico, D.F. : _bDirección General de Sanidad Animal, _c(s.a.). |
||
| 300 | _a23 h. | ||
| 590 |
_aBATCH-UPD _b10 _c20130110 _lUCH01 _h0314 |
||
| 590 |
_aBATCH-UPD _b10 _c20130110 _lUCH01 _h2123 |
||
| 590 |
_aCONVERSION _b10 _c20130109 _lUCH01 _h1312 |
||
| 590 |
_aE11695DGD _b10 _c20150515 _lUCH01 _h1325 |
||
| 650 | 1 | 4 |
_aLeptospira. _966282 |
| 650 | 1 | 4 |
_aLeptospirosis. _966284 |
| 901 | _aBK | ||
| 942 | _cFOLL | ||
| 942 | _n0 | ||
| 999 |
_c20221 _d20221 |
||